Unit operations of sanitary engineering (Record no. 24058)

000 -LEADER
fixed length control field 00505nam a22001931a 4500
001 - CONTROL NUMBER
control field 24058
003 - CONTROL NUMBER IDENTIFIER
control field BD-DhUET
008 - FIXED-LENGTH DATA ELEMENTS--GENERAL INFORMATION
fixed length control field 750916s1961 nyua b 001 0 eng
040 ## - CATALOGING SOURCE
Original cataloging agency DLC
Transcribing agency FMU
Modifying agency BD-DhUET
082 ## - DEWEY DECIMAL CLASSIFICATION NUMBER
Classification number 628
Item number RIC/1961
100 ## - MAIN ENTRY--PERSONAL NAME
Personal name Rich, Linvil G.
245 10 - TITLE STATEMENT
Title Unit operations of sanitary engineering
250 ## - EDITION STATEMENT
Edition statement 1st ed.
260 ## - PUBLICATION, DISTRIBUTION, ETC. (IMPRINT)
Place of publication, distribution, etc. New York
Name of publisher, distributor, etc. John Wiley
Date of publication, distribution, etc. 1961
300 ## - PHYSICAL DESCRIPTION
Extent xi, 308 p.
Other physical details ill.
Dimensions 24 cm.
504 ## - BIBLIOGRAPHY, ETC. NOTE
Bibliography, etc Includes bibliographies
650 #0 - SUBJECT ADDED ENTRY--TOPICAL TERM
Topical term or geographic name as entry element Sanitary Engineering
942 ## - ADDED ENTRY ELEMENTS (KOHA)
Koha item type General Book
Holdings
Piece designation (barcode) Shelving location Koha date last seen Lost status Copy number Koha item type Sublocation or collection (holding branch) Damaged status Date acquired Koha full call number Price effective from Source of classification or shelving scheme Not for loan Location (home branch) Withdrawn status Koha normalized classification for sorting
25023Circulation section2015-05-06 1General BookCentral Library, BUET 2015-05-06628/RIC/19612015-05-06  Central Library, BUET 628_000000000000000_RIC_1961
11959Circulation section2015-05-07 2General BookCentral Library, BUET 2015-05-07628/RIC/19612015-05-07  Central Library, BUET 628_000000000000000_RIC_1961
20121Circulation section2015-05-09 3General BookCentral Library, BUET 2015-05-09628/RIC/19612015-05-09  Central Library, BUET 628_000000000000000_RIC_1961
14703Circulation section2015-05-09 4General BookCentral Library, BUET 2015-05-09628/RIC/19612015-05-09  Central Library, BUET 628_000000000000000_RIC_1961
25024Circulation section2015-05-09 5General BookCentral Library, BUET 2015-05-09628/RIC/19612015-05-09  Central Library, BUET 628_000000000000000_RIC_1961
20120Circulation section2015-05-09 6General BookCentral Library, BUET 2015-05-09628/RIC/19612015-05-09  Central Library, BUET 628_000000000000000_RIC_1961